Le code de la route - quelques questions - Statistiques

Statistiques générales
  • Ce quiz a été pris 4 897 fois
    4 279 depuis la dernière actualisation
  • Le résultat moyen est 10 sur 12
Statistiques - réponses
Question Réponse % Correct
B
91%
C
90%
B
89%
B
88%
A
84%
B
78%
C
78%
A
74%
B
73%
B
72%
C
71%
B
66%
Aucun quiz correspondant
Distribution des résultats
% des personnes avec chaque résultat
Percentile par nombre de réponses
Votre historique - résultats
Vous n’avez pas pris ce quiz depuis la dernière actualisation